[Event "Dvorkovich Memorial Rapid 2018"]
[Site "Taganrog"]
[Date "2018.01.14"]
[Round "1.13"]
[White "Lystsov, Leonid"]
[Black "Sarana, Alexey"]
[Result "0-1"]
[WhiteElo "1875"]
[BlackElo "2562"]
[Annotator "TA"]
[PlyCount "64"]
[EventDate "2018.??.??"]
[EventType "swiss"]
[EventCountry "RUS"]
[SourceTitle "playchess.com"]
[Source "ChessBase"]
[SourceQuality "1"]

{[%evp 20,64,13,18,20,-27,0,-18,-7,-16,0,-36,-43,-32,-42,-38,-34,-13,0,3,8,-62,-66,-18,20,0,33,-81,-79,-80,-99,-216,-100,-216,-216,-304,-288,-470,-376,-438,-371,-369,-369,-369,-369,-369,-366]} 1. Nf3 d5 2. g3 g6 3. Bg2 Bg7 4. O-O e5 5. d3 Ne7 6. c4 O-O 7. cxd5 Nxd5 8. Nc3 {[%cal Bb1c3,Bc3e4,Be4c5][%mdl 32]} Nc6 9. Bd2 Nb6 10. Rc1 {A16: English Opening: 1...Nf6 with ...d5} (10. Qc1 Re8 11. Bh6 Bh8 12. Ne4 Nd4 13. Nxd4 exd4 14. Bg5 f6 15. Bd2 Nd5 16. Qc5 c6 17. Nd6 Re5 18. Nxc8 Rxc8 19. Qxa7 Rxe2 {0-1 (79) Lastin,A (2643)-Zinchenko,Y (2546) ICC INT 2010}) 10... Nd4 11. Ne4 {LiveBook: 4 Games} Nd5 12. Nc5 {The position is equal.} c6 13. b4 $146 ({Predecessor:} 13. Nxd4 exd4 14. b4 b6 15. Nb3 Qd6 16. Qc2 Nxb4 17. Bxb4 Qxb4 18. Bxc6 Rb8 19. Qc4 Qd6 20. Qa4 a5 {½-½ (22) Kovacs,A (2166)-Bognar,C (2237) Kecskemet 1999}) 13... Qe7 14. Nxd4 exd4 15. b5 Nc3 16. Bxc3 $1 {[#] And now Bb4 would win.} Qxc5 17. bxc6 {Threatens to win with Bd2.} dxc3 18. cxb7 Bxb7 19. Bxb7 Rab8 20. Bg2 (20. Ba6 $11) 20... Rb2 $36 {[%mdl 2048] Black has some pressure.} 21. e3 Rxa2 22. d4 Qc4 23. Re1 {[#]} (23. Rc2 $14) 23... Rd2 $1 $17 {[%cal Rd2d1]} 24. Qf3 Rc8 25. Qd5 (25. Bf1 $17 Qb4 26. Qg4) 25... Bf8 (25... Qxd5 $19 {has better winning chances.} 26. Bxd5 c2) 26. Qxc4 (26. Qa5 $17 {is the only way for White.}) 26... Rxc4 $19 27. Ra1 (27. Bd5 {was necessary.} Rc7 28. Ra1) 27... c2 28. Bf1 $2 (28. Bf3) 28... Rc7 29. Rec1 a5 30. Rxa5 {Black is winning.} Rd1 31. Raa1 Rxc1 32. Rxc1 {next Bd3 is good for White.} Ba3 {Precision: White = 26%, Black = 79%.} 0-1

[Event "Dvorkovich Memorial Rapid 2018"]
[Site "Taganrog"]
[Date "2018.01.14"]
[Round "1.14"]
[White "Kabanov, Nikolai"]
[Black "Dida, Igor"]
[Result "1-0"]
[WhiteElo "2478"]
[BlackElo "1859"]
[Annotator "TA"]
[PlyCount "27"]
[EventDate "2018.??.??"]
[EventType "swiss"]
[EventCountry "RUS"]
[SourceTitle "playchess.com"]
[Source "ChessBase"]
[SourceQuality "1"]

{[%evp 9,27,81,84,81,81,81,210,193,300,317,534,547,556,504,799,788,1235,1262,1537,1179]} 1. e4 c5 2. Nf3 Nc6 3. Bb5 d6 4. O-O e5 5. c3 Bd7 6. d4 {B51: Sicilian: Moscow Variation (3 Bb5+) without 3...Bd7} cxd4 (6... Be7 7. dxe5 dxe5 8. Nbd2 Qc7 9. Nc4 Nf6 10. Bxc6 Bxc6 11. Nfxe5 Bxe4 12. Qa4+ Kf8 13. Bf4 Qc8 {1-0 (30) Kreiman,B (2526)-Sevillano,E (2550) Los Angeles 2004}) 7. cxd4 f6 $146 (7... exd4 $16 {was necessary.} 8. Nxd4 Nf6) ({Predecessor:} 7... Nf6 8. Nc3 Be7 9. Re1 O-O 10. d5 Nb8 11. Bxd7 Nbxd7 12. Be3 h6 13. h3 Nh7 {½-½ (26) Klimentov,R (2262)-Magrifin,I (2168) Voronezh 2010}) 8. Nc3 $18 {White is clearly better.} Nce7 (8... Nge7 $142 9. d5 Nb8) 9. Bc4 Ng6 $2 {[#]} (9... Rc8) 10. Qb3 {White is clearly winning.} Qb6 11. Bxg8 Rxg8 (11... Qxb3 $142 12. Bxb3 Rc8) 12. Qxg8 exd4 13. Nd5 Qc5 14. Bd2 1-0

[Event "Dvorkovich Memorial Rapid 2018"]
[Site "Taganrog"]
[Date "2018.01.14"]
[Round "1.15"]
[White "Chan, Naruna"]
[Black "Golubov, Saveliy"]
[Result "0-1"]
[WhiteElo "1929"]
[BlackElo "2484"]
[Annotator "TA"]
[PlyCount "32"]
[EventDate "2018.??.??"]
[EventType "swiss"]
[EventCountry "RUS"]
[SourceTitle "playchess.com"]
[Source "ChessBase"]
[SourceQuality "1"]

{[%evp 9,32,76,67,54,79,43,73,32,36,12,3,0,30,-18,-12,-25,-26,-17,-10,-45,-26,-42,-50,-46,33]} 1. e4 c5 2. c3 d6 3. d4 Qc7 4. Nf3 Bg4 5. Bb5+ (5. Nbd2 Nf6 6. h3 Bh5 7. Bb5+ Nbd7 8. e5 dxe5 9. dxe5 a6 10. Ba4 Nd5 11. e6 fxe6 12. O-O {0-1 (40) Howell,D (2644)-Artemiev,V (2653) Doha 2016}) 5... Nd7 6. O-O {B22: Sicilian: 2 c3} a6 7. Bxd7+ $146 ({Predecessor:} 7. Be2 e6 8. Bf4 Ngf6 9. h3 Bh5 10. Nbd2 Be7 11. e5 dxe5 12. Nxe5 Bxe2 13. Qxe2 {1-0 (50) Perlitz,S (2096)-Kraft,W (2134) Hessen 2015}) 7... Bxd7 8. h3 {White is better.} e6 9. Re1 Ne7 10. Nbd2 cxd4 11. Nxd4 Ng6 12. N2f3 Be7 13. Qb3 h6 14. Be3 O-O 15. Rad1 b5 16. Qc2 Bc6 {[%mdl 32768] Loss on Time!?} ({Black should try} 16... a5 $15) 0-1

[Event "Dvorkovich Memorial Rapid 2018"]
[Site "Taganrog"]
[Date "2018.01.14"]
[Round "1.16"]
[White "Goganov, Aleksey"]
[Black "Sukhareva, Valentina"]
[Result "1-0"]
[WhiteElo "2563"]
[BlackElo "1832"]
[Annotator "TA"]
[PlyCount "48"]
[EventDate "2018.??.??"]
[EventType "swiss"]
[EventCountry "RUS"]
[SourceTitle "playchess.com"]
[Source "ChessBase"]
[SourceQuality "1"]

{[%evp 18,48,145,135,142,146,138,139,296,292,302,303,297,286,294,285,299,299,439,412,416,371,371,356,354,342,383,381,381,381,381,381,531]} 1. d4 d5 2. c4 e6 3. Nc3 Nf6 4. cxd5 exd5 5. Bg5 Be7 6. e3 c6 7. Bd3 Bg4 8. Qc2 Nbd7 9. h3 Bh5 {[#] D35: Queen's Gambit Declined: Exchange Variation} 10. f4 $1 {LiveBook: 4 Games} h6 (10... Bg6 11. f5 Bh5 12. Bf4 g6 13. g4 gxf5 14. gxh5 Ne4 15. O-O-O {1-0 (15) Rodshtein,M (2634)-Lu,S (2516) Moscow 2012}) 11. Bxf6 $1 Bxf6 {White is clearly better.} 12. g4 Bh4+ $2 (12... Qe7 $16) 13. Kd2 $18 Bg6 14. Bxg6 fxg6 15. Qxg6+ Kf8 16. Nf3 Qf6 $146 ({Find the theoretical novelty and annotate with similar games:} 16... Be7 17. Ne5 {1-0 (17) Blanco Sing,I (2395)-Ancheyta Tejas,V Merida 1997}) 17. Qh5 ({Less strong is} 17. Nxh4 Qxh4 18. Rae1 Qf6 $16) 17... Bg3 (17... Bf2 $142 18. Ne5 Nxe5 19. fxe5 (19. dxe5 g6 $16) 19... Qf3 20. Qf5+ Qxf5 21. gxf5 Ke7) 18. Qf5 Nb6 19. Qxf6+ gxf6 20. b3 h5 21. gxh5 Rxh5 22. h4 {White is winning.} Re8 23. Rh3 Bf2 24. Nd1 Rh8 {Precision: White = 100%, Black = 43%.} 1-0

[Event "Dvorkovich Memorial Rapid 2018"]
[Site "Taganrog"]
[Date "2018.01.14"]
[Round "1.17"]
[White "Getman, Dmitriy"]
[Black "Hasangatin, Ramil"]
[Result "0-1"]
[WhiteElo "1772"]
[BlackElo "2502"]
[Annotator "TA"]
[PlyCount "44"]
[EventDate "2018.??.??"]
[EventType "swiss"]
[EventCountry "RUS"]
[SourceTitle "playchess.com"]
[Source "ChessBase"]
[SourceQuality "1"]

{[%evp 12,44,8,0,0,0,0,-4,0,-27,0,0,0,0,-22,-16,0,-333,-319,-342,-342,-345,-337,-29989,-29990,-29990,-11189,-29995,-29996,-29996,-29997,-29997,-29998,-29998,-29999]} 1. d4 Nf6 2. c4 Nc6 3. Nc3 e5 4. d5 Ne7 5. e4 Ng6 6. Nf3 Bb4 {A50: Damenindisch (ohne e7-e6)} 7. Bd3 {LiveBook: 3 Partien} Bxc3+ 8. bxc3 d6 {Die Stellung ist ausgeglichen.} 9. h3 (9. O-O O-O 10. Ne1 Nd7 11. Qh5 Nc5 12. Bc2 Qh4 13. Qxh4 Nxh4 14. Be3 {0-1 (59) Schneider,J (2274)-Karthikeyan,P (2488) Basel 2017}) 9... O-O 10. O-O Nh5 11. Re1 $146 ({Vorgänger:} 11. Bc2 Nhf4 12. Be3 b6 13. a4 a5 14. Kh2 {0-1 (54) Priyanshu,S (1878)-Van Rensburg,R (2220) Johannesburg 2016}) 11... Nhf4 12. Bf1 f5 13. Nd2 Qh4 14. g3 $2 {[%mdl 8192] [#]} (14. c5 $11 {und Weiss steht sicher.}) 14... Nxh3+ $19 15. Kh2 Qh6 ({Schlechter ist} 15... Nxf2+ 16. gxh4 Nxd1 17. Rxd1 $11) 16. Bxh3 {zielt auf Kg2 ab.} fxe4 17. g4 $2 {[#]} (17. Kg1 $19 Qxh3 18. Rxe4) 17... Rxf2+ 18. Kg1 e3 (18... Qxh3 $142 19. Kxf2 Bxg4 20. Nf3 Bxf3 21. Re2 Rf8 22. Ke1 Qh1+ 23. Kd2 e3+ 24. Kc2 Be4+ 25. Qd3 Bxd3+ 26. Kb2 Qd1 27. Ka3 Qxe2 28. Bb2 Rf2 29. Bc1 Bxc4 30. Kb4 Bxd5 31. Bd2 Qc4+ 32. Ka3 Rxd2 33. Rg1 Rxa2#) 19. Ne4 Qxh3 {[%csl Gf2][%cal Rh3h2] Schwarz setzt Matt.} 20. Nxf2 Qg3+ 21. Kh1 Nf4 {[%csl Gf4][%cal Rg3g2]} 22. Rg1 Qh4+ {Precision: Weiß = 41%, Schwarz = 71%.} 0-1

[Event "Dvorkovich Memorial Rapid 2018"]
[Site "Taganrog"]
[Date "2018.01.14"]
[Round "1.18"]
[White "Khanin, Semen"]
[Black "Ivchenko, Alexander"]
[Result "1-0"]
[WhiteElo "2458"]
[BlackElo "1742"]
[Annotator "TA"]
[PlyCount "83"]
[EventDate "2018.??.??"]
[EventType "swiss"]
[EventCountry "RUS"]
[SourceTitle "playchess.com"]
[Source "ChessBase"]
[SourceQuality "1"]

{[%evp 24,83,0,0,54,0,12,0,51,40,130,87,107,91,95,100,100,97,95,84,72,72,72,75,152,174,186,94,138,122,199,145,141,129,129,129,145,145,140,104,152,152,152,153,154,145,145,145,174,127,174,171,182,176,181,170,181,161,1125,1125,1082,1049]} 1. e4 e6 2. d4 d5 3. Nc3 Bb4 4. e5 c5 5. a3 Bxc3+ 6. bxc3 Qa5 7. Bd2 Qa4 8. Qb1 c4 9. Ne2 {C18: French: 3 Nc3 Bb4: Main line: 7 h4 and 7 Qg4} Nc6 10. Ng3 Bd7 11. Be2 O-O-O 12. Nh5 g6 13. Ng3 {LiveBook: 9 Games} Nge7 {[#]} (13... f6 $11) 14. Bg5 $146 ({Better is} 14. Qb2 $14) ({Predecessor:} 14. Qc1 Kb8 15. O-O h5 16. h4 Nf5 {1-0 (81) Caruana,F (2649)-Rusev,K (2498) Senigallia 2009}) 14... Qa5 15. Qb2 Rde8 (15... h6 $1 $11 16. Bf6 (16. Rb1 b6 $14) 16... Rhe8) 16. O-O $40 {[%mdl 128] White attacks.} Nf5 (16... Ng8 $14) 17. a4 Nce7 18. Qa3 (18. Bf6 {seems wilder.} Rhf8 19. Nxf5 Nxf5 20. h3 Bc6 21. Rfd1) 18... Bc6 19. Nxf5 Nxf5 20. Bf6 {[#] Hoping for g4.} Rhg8 21. g4 Ng7 22. h3 {[%cal Bh2h3,Bh3g4][%mdl 32]} h5 23. Rfb1 hxg4 (23... Qc7 $142) 24. hxg4 $16 Kb8 25. Qb4 (25. Kg2 $18) 25... Qxb4 26. cxb4 b5 (26... Rc8 $16 {is a better defense.} 27. Kg2 Ne8) 27. axb5 (27. Kg2 $18) 27... Bxb5 28. Kg2 Rc8 29. Rh1 Ne8 30. Be7 Nc7 31. Bc5 a6 32. Rh7 Be8 33. Kg3 Kb7 34. Kf4 Nb5 35. Bf3 Rc7 36. Rah1 Bc6 37. Kg5 Be8 38. Rh8 Rxh8 39. Rxh8 Rc8 {intending ...Na3.} 40. Kf6 Na7 $2 {[#]} (40... Kc6 41. Rh3 Nc3) 41. Bxa7 $18 Kxa7 42. Ke7 {Precision: White = 56%, Black = 33%.} 1-0

[Event "Dvorkovich Memorial Rapid 2018"]
[Site "Taganrog"]
[Date "2018.01.14"]
[Round "1.19"]
[White "Potemkin, Evgeny"]
[Black "Evdokimov, Alexander A"]
[Result "0-1"]
[WhiteElo "1765"]
[BlackElo "2502"]
[Annotator "TA"]
[PlyCount "36"]
[EventDate "2018.??.??"]
[EventType "swiss"]
[EventCountry "RUS"]
[SourceTitle "playchess.com"]
[Source "ChessBase"]
[SourceQuality "1"]

{[%evp 15,36,8,6,-3,0,-70,-50,-50,-62,-389,-386,-347,-259,-427,-420,-390,-439,-437,-433,-410,-404,-474,-447]} 1. d4 Nf6 2. Bf4 c5 3. e3 g6 4. Nf3 Bg7 5. c3 b6 6. h3 O-O 7. Nbd2 Bb7 8. Be2 {A48: 1 d4 Nf6 2 Nf3 g6: Torre, London and Colle Systems} d6 {LiveBook: 108 Games} 9. Qc2 (9. O-O Nbd7 10. a4 a6 11. Qb3 Qc7 12. Bh2 Bc6 13. c4 Ne4 14. d5 Nxd2 15. Nxd2 Bb7 16. e4 e6 17. Qc2 Rae8 18. Rfe1 Bc8 19. Nf3 e5 20. a5 {1-0 (71) Nguyen,N (2629)-Flores,D (2579) Doha 2016}) 9... Nc6 10. O-O-O $146 (10. Bh2 $11) ({Predecessor:} 10. O-O Rc8 11. Qa4 cxd4 12. exd4 e5 13. dxe5 dxe5 {0-1 (40) Porcoleanu,D (1891)-Barbu,N (2196) Ploiesti 2007}) 10... Rc8 11. dxc5 bxc5 12. Ne4 $2 {[%mdl 8192] [#]} (12. Kb1 $15) 12... Nxe4 $19 13. Qxe4 Qa5 14. Bc4 $2 (14. Qc4 Nb4 15. Kb1) 14... Ne5 15. Bd5 Bxd5 16. Qxd5 {[%cal Rf4e5]} Nxf3 17. gxf3 {[#]} Bxc3 $1 {[%mdl 512]} 18. Qc4 (18. bxc3 Qxc3+) 18... Bf6 0-1

[Event "Dvorkovich Memorial Rapid 2018"]
[Site "Taganrog"]
[Date "2018.01.14"]
[Round "1.20"]
[White "Kiselev, Vitaliy"]
[Black "Koliev, Irlan"]
[Result "1-0"]
[WhiteElo "2516"]
[BlackElo "1755"]
[Annotator "TA"]
[PlyCount "57"]
[EventDate "2018.??.??"]
[EventType "swiss"]
[EventCountry "RUS"]
[SourceTitle "playchess.com"]
[Source "ChessBase"]
[SourceQuality "1"]

{[%evp 16,57,30,33,56,52,40,22,51,11,8,0,17,14,0,23,64,57,64,79,68,33,37,-30,25,27,33,16,22,10,84,61,134,127,127,138,127,76,154,141,905,897,864,877]} 1. d4 Nf6 2. c4 g6 3. Nc3 Bg7 4. e4 d6 5. Be2 O-O 6. Be3 e5 7. d5 a5 8. Nf3 {[%cal Bg1f3,Bf3d2,Bd2b3][%mdl 32]} Na6 9. Nd2 {LiveBook: 71 Games} b6 {E92: King's Indian: Classical: 6 Be2 e5: 7 dxe5, 7 Be3 and Petrosian System without 7...Nbd7} (9... Nd7 10. g4 Ndc5 11. h4 Bd7 12. Nf1 c6 13. Ng3 a4 14. h5 Qa5 15. Qd2 a3 16. hxg6 fxg6 17. b3 {0-1 (55) Saric,S (2448)-Kozul,Z (2591) Mali Losinj 2016}) 10. a3 Ne8 $146 ({Find the theoretical novelty and annotate with similar games:} 10... Nc5 11. b4 axb4 12. axb4 Rxa1 13. Qxa1 Ncd7 14. O-O Ne8 15. Nb5 f5 16. f3 f4 17. Bf2 {1-0 (35) Morasso,J-Spata,R (2105) Chivilcoy 1998}) 11. b4 f5 {[#] aiming for ...f4.The position is equal.} 12. Nb3 axb4 13. axb4 {Hoping for b5.} Bd7 $1 14. c5 (14. exf5 {NOTEXT} gxf5 15. b5 Nc5 16. Rxa8 Qxa8 17. O-O) 14... Nxb4 15. c6 Rxa1 16. Nxa1 Nxc6 17. dxc6 Bxc6 18. Bc4+ Kh8 19. Bd5 (19. O-O $14) 19... Bxd5 ({Better is} 19... Bd7 $1) 20. exd5 $11 Qh4 21. Nc2 Qc4 $1 {[%cal Rc4c3]} 22. Bd2 $1 $36 {[%mdl 2048] Black is under pressure.} f4 (22... Nf6 $11 {keeps the balance.}) 23. Qe2 Qb3 (23... Qc5 $1 $14) 24. Na1 $16 Qa3 {[#]} 25. O-O $1 {[%cal Bh1f1,Bf1a1,Ba1a2][%mdl 32]} Nf6 26. Qc4 (26. Rc1 $142) 26... Qb2 ({Black should play} 26... Qc5 27. Qb3 Kg8) 27. Nb3 Qa3 $2 {[%mdl 8192]} (27... f3 $16) 28. Ra1 $18 Qb2 29. Ra2 {Precision: White = 54%, Black = 43%.} 1-0

[Event "Dvorkovich Memorial Rapid 2018"]
[Site "Taganrog"]
[Date "2018.01.14"]
[Round "1.21"]
[White "Bocharova, Ulyana"]
[Black "Kharchenko, Boris"]
[Result "0-1"]
[WhiteElo "1874"]
[BlackElo "2464"]
[Annotator "TA"]
[PlyCount "64"]
[EventDate "2018.??.??"]
[EventType "swiss"]
[EventCountry "RUS"]
[SourceTitle "playchess.com"]
[Source "ChessBase"]
[SourceQuality "1"]

{[%evp 17,64,-27,-3,-28,-13,-54,-44,-46,-43,-70,-67,-60,-37,-167,-161,-186,-179,-290,-299,-269,-285,-284,-266,-382,-373,-345,-305,-312,-302,-313,-309,-282,-273,-632,-634,-808,-828,-925,-929,-1306,-770,-1093,-1078,-1121,-1083,-1520,-1356,-29992,-29993]} 1. c4 c6 2. Nc3 d5 3. cxd5 cxd5 4. d4 Nf6 5. Nf3 Nc6 6. g3 Bf5 7. Bg2 e6 {D13: Damengambit (Slawische Verteidigung, Abtauschvariante)} 8. Nh4 Bg4 9. O-O Bd6 {LiveBook: 3 Partien. Schwarz hat minimalen Vorteil.} 10. a3 (10. h3 Bh5 11. f4 Nd7 12. Nf3 Bxf3 13. Bxf3 Nxd4 14. Bg2 Bc5 15. Kh2 O-O 16. e4 dxe4 17. Nxe4 {0-1 (35) Senlle Caride,M (2325)-Santos Latasa,J (2524) Linares 2017}) 10... Rc8 11. Nf3 O-O 12. h3 Bh5 13. Be3 $146 ({Vorgänger:} 13. g4 Bg6 14. Bg5 Qb6 15. Bxf6 gxf6 16. Na4 Qb5 17. b4 a5 {0-1 (27) Imasniti (2220)-Tindall,B (2190) Jakarta 1997}) 13... a6 14. Rc1 Na5 15. b4 ({Günstiger ist} 15. Ne5 $15) 15... Nc4 $19 16. g4 Bg6 17. Qb3 (17. Ne5 $142) 17... Nxe3 18. fxe3 h5 19. g5 Ne4 {[%cal Bf6e4,Be4g3,Bg3f5,Bf5e3][%mdl 32]} 20. h4 (20. Nxe4 $142 Rxc1 21. Rxc1 dxe4 22. Nh4 Qxg5 23. Nxg6 Qxg6 24. Kf1) 20... Ng3 21. Rfe1 Nf5 22. e4 dxe4 23. Nxe4 Rxc1 24. Rxc1 Bf4 25. Rd1 $2 {[#]} (25. Rc3) 25... Ne3 26. Nc5 Bc2 27. Qc3 Bxd1 28. Nxb7 Qc8 29. Nc5 Bxe2 30. Qb2 Bc4 31. Nd2 Bd5 32. Bxd5 exd5 {Precision: Weiß = 25%, Schwarz = 65%.} 0-1

[Event "Dvorkovich Memorial Rapid 2018"]
[Site "Taganrog"]
[Date "2018.01.14"]
[Round "1.22"]
[White "Triapishko, Alexandr"]
[Black "Pranizin, Evgeny"]
[Result "1-0"]
[WhiteElo "2531"]
[BlackElo "1629"]
[Annotator "TA"]
[PlyCount "73"]
[EventDate "2018.??.??"]
[EventType "swiss"]
[EventCountry "RUS"]
[SourceTitle "playchess.com"]
[Source "ChessBase"]
[SourceQuality "1"]

{[%evp 15,73,4,16,19,146,138,180,166,185,176,185,193,304,301,294,256,270,270,256,232,231,201,354,254,347,347,402,364,407,389,400,401,606,601,572,577,739,739,738,715,836,836,806,810,1153,1141,1116,986,1234,1208,1641,1628,1467,1426,6728,6120,5908,5412,29991,29992]} 1. e4 c5 2. Nf3 Nc6 3. Nc3 g6 4. d4 cxd4 5. Nxd4 Bg7 6. Be3 Nf6 7. Be2 O-O 8. Nb3 b6 9. f4 {B34: Sicilian: Accelerated Dragon with 5 Nc3: sidelines} d5 $146 {[#]} (9... Bb7 $11) ({Predecessor:} 9... Bb7 10. O-O Rc8 11. e5 Ne8 12. Bg4 e6 13. Nb5 Nb4 14. Bd2 a5 15. Bxb4 axb4 16. Rf2 f6 {½-½ (45) Ivanchuk,V (2710)-Christiansen,L (2620) Monte Carlo 1993}) 10. e5 $1 $16 ({Not} 10. exd5 Nb4 $11) 10... Ne4 11. Qxd5 {White is clearly better.} Qxd5 12. Nxd5 {Black must now prevent Bd3.} Be6 13. Nc7 Rac8 (13... Bxb3 $142 14. axb3 Rac8) 14. Nxe6 $18 fxe6 15. Bf3 Nc5 16. Nxc5 bxc5 17. Bxc6 Rxc6 18. h4 h5 $2 (18... Rd8 {keeps fighting.} 19. c4 a5) 19. g3 Rb8 20. O-O-O Rb7 21. Rd3 c4 22. Ra3 a6 23. Rd1 Rbc7 (23... Rb8 $142 24. Rd7 Ra8) 24. Rd8+ Kf7 25. c3 Rb7 26. Ra8 Rd7 27. Bd4 Rb7 28. R3xa6 Rxa6 29. Rxa6 {[%mdl 4096] Endgame KRB-KRB} g5 30. hxg5 {[%cal Bh4g5,Bg5g6][%mdl 32]} Rb8 31. a4 {[%cal Ba2a4,Ba4a5][%mdl 32]} Rh8 32. a5 h4 33. gxh4 Rxh4 {[#]} 34. f5 $1 {[%cal Bf4f5,Bf5e6][%mdl 32]} Rg4 (34... exf5 35. g6+) 35. g6+ Ke8 36. fxe6 {[%cal Ra6a8]} Kd8 37. Rc6 {Precision: White = 89%, Black =  8%.} 1-0

[Event "Dvorkovich Memorial Rapid 2018"]
[Site "Taganrog"]
[Date "2018.01.14"]
[Round "1.23"]
[White "Kosyrev, Nikita"]
[Black "Lugovskoy, Maxim"]
[Result "0-1"]
[WhiteElo "1837"]
[BlackElo "2459"]
[Annotator "TA"]
[PlyCount "39"]
[EventDate "2018.??.??"]
[EventType "swiss"]
[EventCountry "RUS"]
[SourceTitle "playchess.com"]
[Source "ChessBase"]
[SourceQuality "1"]

{[%evp 24,39,0,0,20,9,26,-65,41,36,220,242,213,48,74,-8,0,0]} 1. c4 e6 2. Nf3 d5 3. e3 Nf6 4. d4 c5 5. Nc3 Nc6 6. Be2 dxc4 7. Bxc4 cxd4 8. exd4 Be7 9. O-O O-O 10. Re1 b6 11. Bf4 Bb7 12. a3 Rc8 13. Ba2 {LiveBook: 8 Games} a6 {D40: Queen's Gambit Declined: Semi-Tarrasch with 5 e3} 14. Rc1 b5 (14... h6 15. Qd2 Re8 16. Rcd1 Bf8 17. Bg3 b5 18. d5 exd5 19. Rxe8 Qxe8 20. Nxd5 Nxd5 21. Bxd5 Na5 22. Bxb7 Nxb7 23. h3 Rd8 {½-½ (24) Jarmula,L (2462)-Shkapenko,P (2425) Trieste 2017}) 15. h3 $146 ({Better is} 15. d5 $11 Nxd5 16. Bxd5 (16. Nxd5 exd5 17. Bxd5 Bf6 $14) 16... exd5 17. Nxd5) ({Find the theoretical novelty and annotate with similar games:} 15. d5 exd5 16. Nxd5 Nxd5 17. Bxd5 Bf6 18. Rc2 Ne7 19. Rxc8 Qxc8 20. Bxb7 Qxb7 21. Ne5 Ng6 22. Nxg6 {½-½ (21) Nemeth,M (2115)-Frank,J (2335) Zalakaros 1995}) 15... Qb6 (15... b4 $15 16. axb4 Nxb4) 16. d5 Nxd5 $2 (16... Rcd8 $14) 17. Nxd5 $18 exd5 {[#]} 18. Bxd5 $2 (18. Rxc6 $1 $18 {[%mdl 512]} Qxc6 19. Rxe7) 18... Bf6 19. Bxc6 (19. Ng5 $16 {Black must now prevent Nxf7.} Qd8 20. Qd2) 19... Bxc6 20. Ne5 {[%mdl 32768] Precision: White = 31%, Black =  0%. . Loss on Time!?} 0-1

[Event "Dvorkovich Memorial Rapid 2018"]
[Site "Taganrog"]
[Date "2018.01.14"]
[Round "1.24"]
[White "Vastrukhin, Oleg"]
[Black "Dragunov, Artem"]
[Result "1-0"]
[WhiteElo "2398"]
[BlackElo "1962"]
[Annotator "ChessBase"]
[PlyCount "88"]
[EventDate "2018.??.??"]
[EventType "swiss"]
[EventCountry "RUS"]
[SourceTitle "playchess.com"]
[Source "ChessBase"]
[SourceQuality "1"]
[TimeControl "900+10"]

1. Nf3 {[%emt 0:00:00]} g6 {[%emt 0:00:49]} 2. d4 {[%emt 0:00:00]} Bg7 {[%emt 0:00:06]} 3. e4 {[%emt 0:00:00]} d6 {[%emt 0:00:08]} 4. Nc3 {[%emt 0:00:00]} Nf6 {[%emt 0:00:06]} 5. Bg5 {[%emt 0:00:00]} h6 {[%emt 0:00:30]} 6. Be3 {[%emt 0:00:00]} Nc6 {[%emt 0:00:31]} 7. h3 {[%emt 0:00:07]} a6 {[%emt 0:00:31]} 8. a4 {[%emt 0:00:02]} O-O {[%emt 0:00:35]} 9. Qd2 {[%emt 0:00:01]} Kh7 {[%emt 0:00:15]} 10. g4 {[%emt 0:00:07]} d5 {[%emt 0:01:09]} 11. Bd3 {[%emt 0:00:09]} Nb4 {[%emt 0:00:56]} 12. g5 {[%emt 0:01:05]} Nxd3+ {[%emt 0:00:25]} 13. cxd3 {[%emt 0:00:00]} Ng8 {[%emt 0:00:43]} 14. Nxd5 {[%emt 0:00:20]} h5 {[%emt 0:00:29]} 15. a5 {[%emt 0:00:35]} Bd7 {[%emt 0:00:49]} 16. Ne5 {[%emt 0:00:20]} Be6 {[%emt 0:00:54]} 17. Nf4 {[%emt 0:00:21]} Bc8 {[%emt 0:00:42]} 18. Rc1 {[%emt 0:00:07]} e6 {[%emt 0:00:22]} 19. h4 {[%emt 0:00:31]} Ne7 {[%emt 0:00:33]} 20. Qc3 {[%emt 0:00:00]} Bxe5 {[%emt 0:00:54]} 21. dxe5 {[%emt 0:00:05]} Nc6 {[%emt 0:00:00]} 22. d4 {[%emt 0:00:10]} Qe8 {[%emt 0:00:51]} 23. f3 {[%emt 0:00:18]} Bd7 {[%emt 0:00:13]} 24. Kf2 {[%emt 0:00:02]} Rc8 {[%emt 0:00:09]} 25. Rhe1 {[%emt 0:00:02]} Na7 {[%emt 0:00:35]} 26. Qb4 {[%emt 0:00:50]} Bb5 {[%emt 0:00:34]} 27. d5 {[%emt 0:00:10]} Ra8 {[%emt 0:00:29]} 28. Rxc7 {[%emt 0:00:22]} exd5 {[%emt 0:00:10]} 29. Bxa7 {[%emt 0:00:07]} Qxe5 {[%emt 0:00:26]} 30. Nxd5 {[%emt 0:01:01]} Qh2+ {[%emt 0:00:02]} 31. Ke3 {[%emt 0:00:01]} Qxh4 {[%emt 0:00:46]} 32. Rg1 {[%emt 0:00:55]} Qh2 {[%emt 0:00:26]} 33. Re1 {[%emt 0:00:31]} Qg3 {[%emt 0:00:35]} 34. Bd4 {[%emt 0:00:18]} Qxg5+ {[%emt 0:00:00]} 35. Kf2 {[%emt 0:00:00]} Qh4+ {[%emt 0:00:59]} 36. Kg2 {[%emt 0:00:03]} Qg5+ {[%emt 0:00:19]} 37. Kh3 {[%emt 0:00:51]} Rac8 {[%emt 0:01:12]} 38. Rg1 {[%emt 0:02:40]} Bf1+ {[%emt 0:00:50]} 39. Rxf1 {[%emt 0:00:11]} Rxc7 {[%emt 0:00:12]} 40. Nxc7 {[%emt 0:00:00]} Rd8 {[%emt 0:00:18]} 41. Nd5 {[%emt 0:00:11]} Rxd5 {[%emt 0:00:50]} 42. exd5 {[%emt 0:00:04]} h4 {[%emt 0:00:02]} 43. Bf2 {[%emt 0:00:13]} Qf5+ {[%emt 0:00:19]} 44. Qg4 {[%emt 0:00:11]} Qxg4+ {[%emt 0:00:00]} 1-0